Изучение наноструктурного сорбционного материала в процессе очистки водного раствора от микробиологических загрязнителей; Инновационные технологии в машиностроении
| Parent link: | Инновационные технологии в машиностроении.— 2023.— [С. 206-208] |
|---|---|
| 1. Verfasser: | |
| Körperschaft: | |
| Weitere Verfasser: | , , |
| Zusammenfassung: | Заглавие с титульного экрана Использование наноструктурного сорбента для очистки воды от микроорганизмов. Материал на основе кварцевого песка, модифицированного нановолокнами оксигидроксида алюминия. The use of a nanostructured sorbent for water purification from microorganisms. The material is basedon quartz sand modified with aluminum oxohydroxide nanofibers. |
| Sprache: | Russisch |
| Veröffentlicht: |
2023
|
| Schriftenreihe: | Промышленная безопасность |
| Schlagworte: | |
| Online-Zugang: | http://earchive.tpu.ru/handle/11683/76585 |
| Format: | MixedMaterials Elektronisch Buchkapitel |
| KOHA link: | https://koha.lib.tpu.ru/cgi-bin/koha/opac-detail.pl?biblionumber=635968 |
MARC
| LEADER | 00000naa2a2200000 4500 | ||
|---|---|---|---|
| 001 | 635968 | ||
| 005 | 20250916131504.0 | ||
| 035 | |a (RuTPU)RU\TPU\conf\37825 | ||
| 035 | |a RU\TPU\conf\37824 | ||
| 090 | |a 635968 | ||
| 100 | |a 20230623d2023 k y0rusy50 ca | ||
| 101 | 0 | |a rus | |
| 102 | |a RU | ||
| 105 | |a y z 101zy | ||
| 135 | |a drgn ---uucaa | ||
| 181 | 0 | |a i | |
| 182 | 0 | |a b | |
| 200 | 1 | |a Изучение наноструктурного сорбционного материала в процессе очистки водного раствора от микробиологических загрязнителей |f Д. В. Мартемьянов, Т. Х. Чан, В. В. Овчинников |g науч. рук. С. П. Журавков | |
| 203 | |a Текст |c электронный | ||
| 225 | 1 | |a Промышленная безопасность | |
| 300 | |a Заглавие с титульного экрана | ||
| 320 | |a [Библиогр.: 208 (5 назв.)] | ||
| 330 | |a Использование наноструктурного сорбента для очистки воды от микроорганизмов. Материал на основе кварцевого песка, модифицированного нановолокнами оксигидроксида алюминия. | ||
| 330 | |a The use of a nanostructured sorbent for water purification from microorganisms. The material is basedon quartz sand modified with aluminum oxohydroxide nanofibers. | ||
| 463 | 1 | |0 (RuTPU)RU\TPU\conf\37634 |t Инновационные технологии в машиностроении |o сборник трудов XIV Международной научно-практической конференции, 25–27 мая 2023 г., Юрга |f Национальный исследовательский Томский политехнический университет (ТПУ), Юргинский технологический институт (ЮТИ) ; под ред. С. А. Солодского |v [С. 206-208] |d 2023 | |
| 610 | 1 | |a труды учёных ТПУ | |
| 610 | 1 | |a электронный ресурс | |
| 610 | 1 | |a микроорганизмы | |
| 610 | 1 | |a очистка воды | |
| 610 | 1 | |a наноструктурные материалы | |
| 610 | 1 | |a сорбенты | |
| 610 | 1 | |a метод Коха | |
| 610 | 1 | |a модельные растворы | |
| 610 | 1 | |a нановолокна | |
| 610 | 1 | |a оксигидроксид алюминия | |
| 610 | 1 | |a microorganisms | |
| 610 | 1 | |a water purification | |
| 610 | 1 | |a nanostructured material | |
| 610 | 1 | |a sorbent | |
| 610 | 1 | |a the Koch method | |
| 610 | 1 | |a model solution | |
| 610 | 1 | |a nanofibers | |
| 610 | 1 | |a aluminum oxyhydroxide | |
| 700 | 1 | |a Мартемьянов |b Д. В. |c химик |c инженер-исследователь Томского политехнического университета |f 1978- |g Дмитрий Владимирович |3 (RuTPU)RU\TPU\pers\30853 |9 15099 | |
| 701 | 0 | |a Чан |b Т. Х. | |
| 701 | 0 | |a Овчинников |b В. В. | |
| 702 | 1 | |a Журавков |b С. П. |c химик |c ведущий научный сотрудник, доцент Томского политехнического университета, кандидат химических наук |f 1961- |g Сергей Петрович |3 (RuTPU)RU\TPU\pers\28225 |4 727 |9 13178 | |
| 712 | 0 | 2 | |a Национальный исследовательский Томский политехнический университет |b Юргинский технологический институт |c (2009- ) |3 (RuTPU)RU\TPU\col\15903 |
| 801 | 2 | |a RU |b 63413507 |c 20230728 |g RCR | |
| 856 | 4 | |u http://earchive.tpu.ru/handle/11683/76585 | |
| 942 | |c BK | ||